Schnelle Mathematik - Zahlen im Hexadezimalsystem Level 02 - Statistiken

Allgemein
  • Dieses Quiz wurde 152 mal gespielt
  • Das Durchschnittsergebnis liegt bei 8 aus 10
Antwortstatistiken
Nummer % Korrekt
A
92%
1
88%
2
88%
3
81%
4
81%
5
81%
6
81%
7
81%
8
81%
9
81%
Keine übereinstimmenden Quizze gefunden
Verteilung der Resultate
Anzahl Personen mit jedem Resultat
Perzentil nach korrekt beantworteten Fragen
Ihre Resultats-Entwicklung
Sie haben dieses Quiz noch nicht gespielt